Analýza vzorov pohľadu na základe interakcie používateľa v navigačných úlohách

Gespeichert in:
Bibliographische Detailangaben
1. Verfasser: Kubanyi, Jakub (Verfasst von)
Weitere Verfasser: Hlaváč, Patrik (Betreuung Doktorarbeit)
Format: Manuskript Buch
Sprache:Slowakisch
Veröffentlicht: 2020
Schlagworte:
Online-Zugang:http://is.stuba.sk/zp/portal_zp.pl?podrobnosti=151444
Tags: Tag hinzufügen
Keine Tags, Fügen Sie das erste Tag hinzu!

MARC

LEADER 00000ntm a22000003a 4500
001 stuzp80713
003 SK-STU
005 20200613213047.1
007 ta
008 150427s2015----xo-----f-mn---000-0-slo-d
040 |a STU  |b slo 
041 0 |a slo 
100 1 |a Kubanyi, Jakub  |u 070200  |k Z4  |4 aut  |U FIIT Fakulta informatiky a informačných technológií  |T FIIT Ústav informatiky, informačných systémov a softvérového inžinierstva  |X 79627  |U I200  |Y 179  |7 79627 
242 0 1 |a Analysis of gaze patterns based on user interaction in navigation tasks  |y eng 
245 1 0 |a Analýza vzorov pohľadu na základe interakcie používateľa v navigačných úlohách 
260 |c 2020 
650 4 |a analýza správania používateľa na Webe  |2 slo 
650 4 |a sledovanie pohľadu  |2 slo 
650 4 |a zručnosť navigácie  |2 slo 
650 4 |a zručnosť vyhľadávania informácií  |2 slo 
650 4 |a analysis of user behaviour on the Web  |2 eng 
650 4 |a eye-tracking  |2 eng 
650 4 |a web navigation skill  |2 eng 
650 4 |a information search skill  |2 eng 
700 1 |a Hlaváč, Patrik  |u 070200  |k Z8  |4 ths  |U FIIT Fakulta informatiky a informačných technológií  |T FIIT Ústav informatiky, informačných systémov a softvérového inžinierstva  |X 5659  |U I200  |Y 179  |7 5659 
856 4 |u http://is.stuba.sk/zp/portal_zp.pl?podrobnosti=151444